000
00349pam a2200157a 44500
008
230515b2016 xxu||||| |||| 00| 0 eng d
020
_a
NULL
041
_a
ENG
082
_a
611
100
_a
CHOURASIA B.D.
245
_a
ANATOMY
250
_a
-
260
_a
NULL
_b
CBS PUBLISHER AND DISTRIBUTORS
_c
2016
300
_a
370
650
_a
ANATOMY
999
_c
555971
_d
555971